Datum a čas kvízu

44.5 Celkem bodů Celkový počet nahraných bodů na tomto kvízu bez doplňovacích otázek.
2. Pořadí na kvízu Konečné umístění týmu na tomto kvízu.

Zaznamenané odpovědi

# Otázka Odpověď Body Výsledky
1. Která sedmipodlažní budova obc... Kotva 1
2. Na poslední chvíli se přihlási... Igor Matovič 1
3. Která poměrně mladá zpěvačka z... Billie Eilish 1
4. V pondělí byl slavnostně otevř... v Otrokovicích 0
5. Jak se jmenuje 38letý český cy... Zdeněk Štybar 1
6. Ve třetím díle cestovatelského... Jeseník 0
7. Stále větší oblibě cestovatelů... portugalština 1
8. Kdepak Paříž. Ve kterém městě... v Las Vegas 1
9. S písmenem M se vracíme do Čes... v Mníšku pod Brdy 1
10. Ve kterém století byl vybudová... v 19. století 1